Učiaca sa organizácia ako predpoklad rastu konkurencieschopnosti podniku služieb
Prezentácia výsledkov prieskumu a poukázanie na prínosy učiacej sa organizácie ako aj na bariéry jej uplatňovania sa v našej ekonomike.
Saved in:
| Main Author: | |
|---|---|
| Format: | Book Chapter |
| Language: | Slovak |
| Subjects: | |
| Tags: |
No Tags, Be the first to tag this record!
|
MARC
| LEADER | 00000nla$a2200000$$$4500 | ||
|---|---|---|---|
| 001 | 0146231 | ||
| 005 | 20240502072635.3 | ||
| 041 | 0 | |a slo | |
| 044 | |a SK | ||
| 245 | 1 | 0 | |a Učiaca sa organizácia ako predpoklad rastu konkurencieschopnosti podniku služieb |c Viola Šuterová |
| 520 | |a Prezentácia výsledkov prieskumu a poukázanie na prínosy učiacej sa organizácie ako aj na bariéry jej uplatňovania sa v našej ekonomike. | ||
| 610 | 2 | 0 | |a podnik služieb |
| 610 | 2 | 0 | |a konkurencieschopnosť |
| 610 | 2 | 0 | |a organizácie vedomostné |
| 610 | 2 | 0 | |a zdroje ľudské |
| 610 | 2 | 0 | |a vzdelávanie |
| 100 | 1 | |a Šuterová, Viola, 1957- | |